Loading...

Strategic Management : Concepts and Cases

Bibliographic Details
Main Author: Phadtare,Milind T
Format: Printed Book
Language:Undetermined
Published: NewDelhi : PHI Learning Pvt. Ltd, 2011
Subjects:
LEADER 00531nam a2200145Ia 4500
008 200324s9999 xx 000 0 und d
082 |a 658.402  |b PHA-S 
100 |a Phadtare,Milind T 
245 0 |a Strategic Management : Concepts and Cases 
260 |a NewDelhi :  |b PHI Learning Pvt. Ltd,  |c 2011 
300 |a 279p. 
650 |a Strategic management-- Executive management 
942 |c BK 
999 |c 284802  |d 284802 
952 |0 0  |1 0  |4 0  |6 658_402000000000000_PHAS  |7 0  |9 303343  |a SDE  |b SDE  |d 2014-05-30  |l 0  |o 658.402 PHA-S  |p SDE20471  |r 2020-03-27  |w 2020-03-27  |y BK